000 00961nam a22002897a 4500
001 9829
003 FISKH
005 20260303161652.0
008 260303b cb ||||| |||| 00| 0 eng d
020 _a0590039113
040 _aFISKH
_beng
_cFISKH
_dFISKH
050 _aQL644.2 .O54
082 _a597.9
100 _aO'Neill , Amanda
245 _aI wonder why snakes shed their skins and other questions about reptiles /
_cBy Amanda O'Neill
250 _aFirst Scholastic printing , April 1998
260 _aNew York :
_bScholastic ,
_c1996.
300 _a32 pages :
_bcolor illustraions ;
_c28 cm .
490 _aI Wonder Why
505 _aR
520 _aAnswers such questions about reptiles as why do snakes stare, are frogs and newts reptiles, and which reptile lives longest.
521 8 _a700
_bLexile BR
521 8 _aR
_bRaz-Plus
650 _aReptiles and amphibians
_vNon-fiction
942 _2ddc
_cBK
_n0
999 _c9829
_d9829